LEADER 01144nam a2200289 i 4500 001 000000069744 003 CaOOAMICUS 005 20051006000000.0 008 051006s1979 it u000 u mul u 013 $a40916 020 $a88-7018-003-4 040 $aSeMil$bita 100 1 $aHeidegger, Martin,$d<1889-1976>.$0(OLS)http://semarc/name/3775 240 14$aDie Kunst und der Raum.$0(OLS)http://semarc/title/111750 245 12$aL'arte e lo spazio /$cMartin Heidegger. 260 $aGenova :$bIl melangolo,$c1979. 300 $a27 p., [2] c. di tav. ;$c21 cm. 490 0 $aOpuscula ;$v4 500 $aTesto originale a fronte. - Fondo Cirpandi. 650 4$aArte - Filosofia.$0(OLS)http://semarc/subject/7762 830 0$aOpuscula ;$v4.$0(OLS)http://semarc/title/420504 850 $aSeMil 852 $aSeMil$W1$xVenegono$y1$m2R IV 150$j35897$B35897$CSeMilBibl$Z2$F35900 $81 961 $aOmaggio: Ciprandi dott. Paolo 996 $6020$a88-7018-003-4$9(OLS)http://semarc/number/48338 996 $6245$aL'arte e lo spazio$9(OLS)http://semarc/title/111749 996 $6260$aGenova :$bIl melangolo$9(OLS)http://semarc/publisher/30063 LEADER 01581nam a2200337 i 4500 001 000000127013 003 CaOOAMICUS 005 20080812000000.0 008 080812s1994 fr u000 u fre u 013 $a99721 020 $a2-87009-546-5 040 $aSeMil$bita 245 10$aEntre le corps et l'esprit :$bapproche interdisciplinaire du Mind Body Problem /$cBernard Feltz et Dominique Lambert (Eds) 260 $aLiège :$bMardaga,$cc1994. 300 $a290 p. ;$c22 cm. 490 0 $aPsychologie et sciences humaines ;$v205 500 $aContiene : Bibliographie. 650 4$aComportamento.$0(OLS)http://semarc/subject/10873 650 4$aCorpo umano - Filosofia.$0(OLS)http://semarc/subject/12185 650 4$aCoscienza.$0(OLS)http://semarc/subject/441 650 4$aNeurobiologia.$0(OLS)http://semarc/subject/15830 650 4$aCorpo umano - Aspetti psicologici.$0(OLS)http://semarc/subject/8601 700 1 $aLambert, Dominique,$d<1960- >.$0(OLS)http://semarc/name/44627 700 1 $aFeltz, Bernard.$0(OLS)http://semarc/name/52794 830 0$aPsychologie et sciences humaines ;$v205.$0(OLS)http://semarc/title/15100 850 $aSeMil 852 $aSeMil$W1$xVenegono$y1$m2P II 106$j81350$B81350$CSeMilBibl$Z2$F84118 $81 961 $aAcquisto: Librairie St. Paul-Siloë 996 $6020$a2-87009-546-5$9(OLS)http://semarc/number/113323 996 $6245$aEntre le corps et l'esprit :$bapproche interdisciplinaire du Mind Body Problem$9(OLS)http://semarc/title/187371 996 $6260$aLiège :$bMardaga$9(OLS)http://semarc/publisher/46506